000 00312nam a22001457a 4500
008 231124b ||||| |||| 00| 0 eng d
020 _a0674921828
041 _aeng
080 _a159.9
082 _a159.9LIE
100 _a25
101 _aPSI
245 _aUNIQUELY HUMAN
_cLIEBERMAN .PH
942 _2udc
_cBK
999 _c60525
_d60525